Sportsmen by country who will earn most money in 2017 - Statistics

General Stats
  • This quiz has been taken 46 times
  • The average score is 7 of 13
Answer Stats
Country Money in 2017 Sportsman % Correct
Portugal 93.000.000$ Cristiano Ronaldo
100%
Argentina 72.000.000$ Lionel Messi
93%
Uruguay 26.000.000$ Luis Suarez
69%
Switzerland 66.000.000$ Roger Federer
69%
Colombia 18.000.000$ James Rodriguez
60%
Serbia 30.000.000$ Novak Djokovic
60%
Spain 30.000.000$ Rafael Nadal
52%
France 28.000.000$ Paul Pogba
43%
USA 86.000.000$ Lebron James
38%
Germany 38.000.000$ Sebastian Vettel
38%
Ireland 27.000.000$ Conor McGregor
36%
Mexico 36.000.000 Canelo Alvarez
12%
United Kingdom 51.000.000$ Rory McIlroy
12%
No matching quizzes found
Score Distribution
Percent of People with Each Score
Percentile by Number Answered
Your Score History
You have not taken this quiz